000 00361nmm a2200145 a 4500
003 AR-BaBNM
005 20251128203113.0
008 163119s1948 ||||||||||||||000 | spa||
040 _cAR-BaBNM
100 1 _aSchäfer, Wilhelm
245 1 0 _aLa jornada de un filántropo
260 _a[S.l.]
_bUniversidad de Buenos Aires
_c1948
942 _cBK
998 _cPicasso
999 _c1914
_d1914